header

Ascetical works (Record no. 103219)

MARC details
000 -LEADER
fixed length control field 01507nam a2200373 a 4500
082 04 - DEWEY DECIMAL CLASSIFICATION NUMBER
Classification number 248.4/7
100 0# - MAIN ENTRY--AUTHOR NAME
Personal name Basil,
245 10 - TITLE STATEMENT
Title Ascetical works
260 ## - PUBLICATION, DISTRIBUTION, ETC. (IMPRINT)
Place of publication Washington, D.C. :
Name of publisher Catholic University of America Press,
Year of publication 1962
300 ## - PHYSICAL DESCRIPTION
Number of Pages xii, 525 p.
490 1# - SERIES STATEMENT
Series statement The Fathers of the church ;
500 ## - GENERAL NOTE
General note "Writings of Saint Basil, volume 1"--P. [1]. No more published?
650 #0 - SUBJECT ADDED ENTRY--TOPICAL TERM
Topical Term Asceticism
700 1# - ADDED ENTRY--PERSONAL NAME
Personal name Wagner, Monica,
856 40 - ELECTRONIC LOCATION AND ACCESS
Uniform Resource Identifier http://site.ebrary.com/lib/rucke/Doc?id=10381312

No items available.

© 2026 Rongo University
Contact us: librarian | system librarian | Rongo university